000 00324nam a22001337a 4500
008 170131b xxu||||| |||| 00| 0 eng d
020 _a9780890420621
041 _aeng
080 _24TH
_a61
100 _a3
101 _aSHM
245 _aDIAGNOSTIC AND STATISTICAL MANUAL OF MENTAL DISORDERS
_cFRANCES, A
942 _2udc
_cBK
999 _c4121
_d4121